Footballers by pictures #12 - Statistics

General Stats
  • This quiz has been taken 43 times
  • The average score is 8 of 19
Answer Stats
Picture Answer % Correct
Diego Forlán
75%
Hernán Crespo
65%
Laurent Blanc
65%
Claude Makélélé
60%
George Weah
58%
Daley Blind
53%
Layvin Kurzawa
50%
Danny Drinkwater
45%
Victor Boniface
45%
Péter Gulácsi
43%
Wout Weghorst
43%
Cristhian Mosquera
38%
Tim Krul
38%
Davinson Sánchez
35%
Vitor Roque
33%
Riqui Puig
30%
Timothy Castagne
30%
Federico Macheda
23%
Maarten Stekelenburg
15%
No matching quizzes found
Score Distribution
Percent of People with Each Score
Percentile by Number Answered
Your Score History
You have not taken this quiz